000 00533nam a22001932 4500
001 0000005676
005 20151217160111.0
008 070620s xx 000 0 eng d
040 _aKABU
_cKABU
050 0 _aPZ90
_b.S94Z3T33
100 1 _aZani, Zachariah M.
_@0000156885
245 1 0 _aTaabu na maajabu.
260 _aNairobi :
_bEAEP,
_c1985.
300 _a32 p.
908 _a070620
950 _@1
999 _c14244
_d14244